000 00482nam a22001577a 4500
003 macl
005 20181201131348.0
008 181201b xxu||||| |||| 00| 0 eng d
040 _cmacl
082 _a954
100 _aतारिक ,मुहम्‍मद
_973291
245 _aआधुनिक भारत का इतिहास
260 _aदिल्‍ली
_bmc graw hill
_c2015
650 _aभारतीय इतिहास
_931578
942 _2ddc
_cHIN
999 _c58632
_d58632